|
|
|
|
| LEADER |
00703nam a22002057a 4500 |
| 003 |
OSt |
| 999 |
|
|
|c 195164
|d 195164
|
| 020 |
|
|
|a 9788190989206
|
| 020 |
|
|
|a 8190989200
|
| 082 |
|
|
|a 579.378
|b MAH/SY
|
| 245 |
|
|
|a Synoptical keys for identification of streptomycess genera
|
| 260 |
|
|
|a Kusmaur Mau Nath Bhanjan
|b National Bureau of Agriculturally Important Microorganisms
|
| 300 |
|
|
|a 106p.
|
| 546 |
|
|
|a English
|
| 650 |
|
|
|a Streptomyces genera
|
| 700 |
|
|
|a Mahesh S Yandigeri
|
| 700 |
|
|
|a Dilip K Aura
|
| 700 |
|
|
|a Arvind K Yadav, Eds
|
| 942 |
|
|
|2 ddc
|c BK
|
| 952 |
|
|
|0 0
|1 0
|2 ddc
|4 0
|6 579_378000000000000_MAH_SY
|7 0
|8 Gen
|9 202534
|a KAUCLV
|b KAUCLV
|c TECH
|d 2020-11-18
|o 579.378 MAH/SY
|p 811224
|r 2020-11-18
|w 2020-11-18
|y BK
|